| 000 | 01251 a2200241 4500 | ||
|---|---|---|---|
| 003 | Nust | ||
| 005 | 20221210104634.0 | ||
| 010 | _a 00057149 | ||
| 020 | _a0849336929 (alk. paper) | ||
| 040 | _cNust | ||
| 082 | 0 | 0 | _a621.382,THE |
| 245 | 0 | 4 |
_aThe transform and data compression handbook / _cedited by K.R. Rao and P.C. Yip. |
| 260 |
_aBoca Raton, Fla. : _bCRC Press, _cc2001. |
||
| 300 |
_axix, 388 p. : _bill. ; _c24 cm. |
||
| 440 | 4 |
_aThe electrical engineering and signal processing series _9104600 |
|
| 505 | _aKarhunen Loeve Transform (Page-1), The Discrete Fourier Transform (Page-37), Comparametric Transforms For Transmitting Eye Tap Video With Picture Transfer Protocol (Page-79), Discrete Cosine and Sine Transforms (Page-117), Lapped Transforms For Image Compression (Page-197), Wavelet Based Image Compression (Page-267), Fractal Based Image And Video Compression (Page-313), Compression Of Wavelet Transform Coefficients (Page-347). | ||
| 650 | 0 |
_aData compression (Telecommunication) _997885 |
|
| 650 | 0 | _aTelecommunication Engineering | |
| 700 | 1 |
_aRao, K. Ramamohan _999260 |
|
| 700 | 1 |
_aYip, P. C. _9104601 |
|
| 856 | 4 | 2 |
_3Publisher description _uhttp://www.loc.gov/catdir/enhancements/fy0646/00057149-d.html |
| 942 |
_2ddc _cBK |
||
| 999 |
_c178696 _d178696 |
||